La leyenda de oro para cada día del año. Vidas de todos los santos que venera la Iglesia.

Detalles Bibliográficos
Formato: Libro
Publicado: Barcelona 1865
Edición:4a. ed.
Materias:
Colección:Banco de datos
Acervo:Biblioteca del Convento de Santa Mónica de la Ciudad de Puebla. Puebla
Descripción Física:t. I
Tema general:Hagiografía
Notas:Buena. Ex libris de Venancio Guerra y otro de Feliciano Vivaldo. G3, 16.
LEADER 00730nam a22002050004500
035 |a 51890 
036 |a 1658 
245 1 0 |a La leyenda de oro para cada día del año. Vidas de todos los santos que venera la Iglesia. 
250 |a 4a. ed. 
260 |a Barcelona  |b imp. Narciso Ramírez  |c 1865 
300 |a t. I 
500 |a Buena. Ex libris de Venancio Guerra y otro de Feliciano Vivaldo. G3, 16. 
650 1 0 |a Hagiografía 
949 |a CRP-SM 
959 |a Ex convento de Santa Mónica. Puebla, Puebla  |b CCC5 
960 |a Convento de Santa Mónica de la ciudad de Puebla  |b DD88 
961 |a Franciscana  |b OF 
942 |c CRP-SM 
943 |g Biblioteca del Convento de Santa Mónica de la Ciudad de Puebla. Puebla 
999 |c 962228  |d 962228